| 000 | 00441nam a22001697a 4500 | ||
|---|---|---|---|
| 003 | NUST - PNEC | ||
| 005 | 20170116181009.0 | ||
| 008 | 150913b xxu||||| |||| 00| 0 eng d | ||
| 020 | _a0070504091 | ||
| 040 | _cLIBRARY | ||
| 082 | _a004.16 DAI | ||
| 100 |
_910061 _aDailey, Denton J |
||
| 245 |
_aSmall computer theory and applications _c Dailey, Denton J |
||
| 260 | _cc.1988 | ||
| 650 |
_910199 _aMicrocomputers _xMIS |
||
| 942 |
_2ddc _cBK |
||
| 999 |
_c67026 _d67026 |
||